UN MARTIR MODERNO : VIDA DEL P. PRO /

Kaydedildi:
Detaylı Bibliyografya
Yazar: Fernández Camejo, I. (autor)
Materyal Türü: Kitap
Seri Bilgileri:JUVENTUD ; 29
Konular:
Etiketler: Etiketle
Etiket eklenmemiş, İlk siz ekleyin!

MARC

LEADER 00000nam^a2200000^a^4500
001 000257760
005 20250526000000.0
009 20260310110304.036
035 |a C26353 
037 |a Acervo Xavier Clavigero 
082 |a 255. 53092  |b CAM 
100 |a Fernández Camejo, I.  |e (autor) 
245 1 3 |a UN MARTIR MODERNO :  |b VIDA DEL P. PRO /  |c I. FERNANDEZ CAMEJO 
264 |a BUENOS AIRES :  |b DIFUSION,  |c 1945 
300 |a 84 p. 
336 |a texto  |b txt  |2 rdacontenido 
337 |a sin mediación  |b n  |2 rdamedio 
338 |a volumen  |b nc  |2 rdasoporte 
440 |a JUVENTUD ;  |v 29 
649 |a XX 
650 |a Pro Juárez, Miguel Agustín 
650 |a Mártires 
650 |a * Jesuitas 
650 |a Guerra Cristera 
910 |a Fondo Jesús Gómez Fregoso S.J. FXC 
920 |a Impresos - Libros 
930 |a Libros Antiguos y Raros 
940 |a Guerra Cristera 
905 |a 110 
901 |a 026353  |b IT2  |c LRA  |i C26353  |u 20250526 
902 |a https://opac.biblio.iteso.mx/vufind/Record/000257760